Vplyv nepresnosti automatizovaného zvárania na vrubovú húževnatosť zvarového spoja : Diplomová práca

Gespeichert in:
Bibliographische Detailangaben
1. Verfasser: Géciová, Viera (Verfasst von)
Weitere Verfasser: Kmety, Miloš (xxx)
Format: Manuskript Buch
Sprache:Slowakisch
Veröffentlicht: Trnava : SVŠT v Bratislave StF KMARTP, 1988
Schlagworte:
Tags: Tag hinzufügen
Keine Tags, Fügen Sie das erste Tag hinzu!

MARC

LEADER 00000ntm a22000003a 4500
001 stu76054
005 20160719162711.5
008 020611s1988----cs------------------slo-d
040 |a STU  |b slo 
041 0 |a slo 
044 |a cs 
100 1 |a Géciová, Viera  |4 aut 
245 1 |a Vplyv nepresnosti automatizovaného zvárania na vrubovú húževnatosť zvarového spoja :  |b Diplomová práca 
260 |a Trnava :  |b SVŠT v Bratislave StF KMARTP,  |c 1988 
300 |a 54 s 
650 7 |a automatizované zváranie  |2 stusub 
650 7 |a zvarové spoje  |2 stusub 
650 7 |a strojárske technológie  |2 stusub 
700 1 |a Kmety, Miloš  |4 xxx  |u M  |T MTF Materiálovotechnologická fakulta  |U M  |Y 60 
996 |b 284M036913  |c M*DP-1613  |l MMSKP  |s P  |a 0  |w stu76054_0001